|
|
|
|
| LEADER |
00000nam0a2200000 4500 |
| 001 |
156224 |
| 005 |
20231101221905.0 |
| 010 |
|
|
|a 9785769557064
|
| 035 |
|
|
|a (RuTPU)RU\TPU\book\169438
|
| 090 |
|
|
|a 156224
|
| 100 |
|
|
|a 20090324d2010 m y0rusy50 ca
|
| 101 |
0 |
|
|a rus
|
| 102 |
|
|
|a RU
|
| 105 |
|
|
|a y j 001zy
|
| 200 |
1 |
|
|a Страхование и риски в туризме
|e учебное пособие
|f Л. И. Черникова
|
| 210 |
|
|
|a Москва
|c Академия
|d 2010
|
| 215 |
|
|
|a 160 с.
|
| 225 |
1 |
|
|a Высшее профессиональное образование. Туризм
|
| 320 |
|
|
|a Библиогр.: с. 159.
|
| 320 |
|
|
|a Краткий словарь терминов: с. 140-150.
|
| 330 |
|
|
|a Рассмотрены сущность страхования в туризме, его формы и правовые основы в международном и российском праве, а также классификация рисков в туризме, их объем и структура страхования, причины, вызывающие необходимость страхования туристов. Освещена организация страхования рисков в туризме, в том числе медицинское страхование туристов, страхование их багажа, от несчастного случая, на случай отмены туристической поездки и гражданской ответственности туристов. Для студентов высших учебных заведений. Может быть полезно работникам туристических фирм и всем желающим воспользоваться их услугами.
|
| 606 |
1 |
|
|a Туризм
|x Страхование
|2 stltpush
|3 (RuTPU)RU\TPU\subj\37127
|9 58265
|
| 610 |
1 |
|
|a Российская Федерация
|
| 610 |
1 |
|
|a страховые фонды
|
| 610 |
1 |
|
|a страховые рынки
|
| 610 |
1 |
|
|a правовые основы
|
| 610 |
1 |
|
|a государственное регулирование
|
| 610 |
1 |
|
|a страховой надзор
|
| 610 |
1 |
|
|a риски
|
| 610 |
1 |
|
|a туристы
|
| 610 |
1 |
|
|a медицинское страхование
|
| 610 |
1 |
|
|a личное страхование
|
| 610 |
1 |
|
|a несчастные случаи
|
| 610 |
1 |
|
|a учебные пособия
|
| 686 |
|
|
|a У9(2)43я73
|v LBC/SL-A
|2 rubbk
|
| 700 |
|
1 |
|a Черникова
|b Л. И.
|g Людмила Ивановна
|
| 801 |
|
1 |
|a RU
|b 63413507
|c 20090324
|g PSBO
|
| 801 |
|
2 |
|a RU
|b 63413507
|c 20130910
|g RCR
|
| 900 |
|
|
|a Страхование в туризме
|
| 942 |
|
|
|c BK
|
| 959 |
|
|
|a 38/20090320
|d 1
|e 0
|f ЧЗГЛ:1
|
| 959 |
|
|
|a 20/20100322
|d 1
|e 223,10
|f ЧЗГЛ:1
|